Asset management and service life of concrete structures and components (Record no. 114852)

MARC details
000 -LEADER
fixed length control field 00955cam a22002775a 4500
001 - CONTROL NUMBER
control field L157583
008 - FIXED-LENGTH DATA ELEMENTS--GENERAL INFORMATION
fixed length control field 130129s2012 xxk f 000 0 eng d
020 ## - INTERNATIONAL STANDARD BOOK NUMBER
International Standard Book Number 9781848063112
035 ## - SYSTEM CONTROL NUMBER
System control number (Sirsi) u157583
041 0# - LANGUAGE CODE
Language code of text/sound track or separate title eng
100 1# - MAIN ENTRY--PERSONAL NAME
Personal name Bassi, Ranjit
245 00 - TITLE STATEMENT
Title Asset management and service life of concrete structures and components
Remainder of title potential benefits of emerging data capture and management technology
260 ## - PUBLICATION, DISTRIBUTION, ETC.
Place of publication, distribution, etc. Watford
Name of publisher, distributor, etc. BRE
Date of publication, distribution, etc. 2012
300 ## - PHYSICAL DESCRIPTION
Extent 11p.
Other physical details ill.
Dimensions 30cm.
490 #0 - SERIES STATEMENT
Series statement BRE Information Paper
Volume/sequential designation (26/12)
520 ## - SUMMARY, ETC.
Summary, etc. Explores approaches to the asset management of concrete components and structures using data from sensor and wireless information communication technology.
521 ## - TARGET AUDIENCE NOTE
Target audience note Advanced
590 ## - LOCAL NOTE (RLIN)
Local note KA
650 24 - SUBJECT ADDED ENTRY--TOPICAL TERM
Topical term or geographic name entry element Asset Management, Structures
651 #4 - SUBJECT ADDED ENTRY--GEOGRAPHIC NAME
Geographic name ENGLAND AND WALES
710 1# - ADDED ENTRY--CORPORATE NAME
Corporate name or jurisdiction name as entry element Dunster, Andrew
710 1# - ADDED ENTRY--CORPORATE NAME
Corporate name or jurisdiction name as entry element Matthews, Stuart
710 1# - ADDED ENTRY--CORPORATE NAME
Corporate name or jurisdiction name as entry element Nolan, Eanna
710 1# - ADDED ENTRY--CORPORATE NAME
Corporate name or jurisdiction name as entry element Quillin, Keith
942 ## - ADDED ENTRY ELEMENTS (KOHA)
Suppress in OPAC 0
Holdings
Withdrawn status Lost status Source of classification or shelving scheme Damaged status Not for loan Home library Current library Shelving location Date acquired Total Checkouts Full call number Barcode Date last seen Copy number Price effective from Koha item type
    Dewey Decimal Classification     London London BRE publications 29/01/2013   BRE - LONDON 30075080 06/08/2019 1 06/08/2019 Book